Представление документа в формате MARC21

Поле Инд. ПП Название Значение
Тип записи a
Библиографический уровень m
001 Контрольный номер 120165782
005 Дата корректировки 20250630132238.7
020 a ISBN 5-06-004054-2
c Цена, тираж 130 р.
080 a Индекс УДК 53:61(075.8)
090 a Полочн. индекс 53
x Авторский знак П 57
097 b Оператор *Е*
b Оператор *Т*
b Оператор *Ви*
097 b Оператор *О*
100 1_ a Автор Попечителев Е.П.
245 10 a Заглавие Электрофизиологическая и фотометрическая медицинская техника
b Продолж. заглавия теория и проектирование
b Продолж. заглавия учеб. пособие для студентов спец. напр. "Биомед. техника"
b Продолж. заглавия в составе учебно-методического комплекса
c Ответственность под ред. Е.П. Попечителева
260 a Место издания Москва
b Издательство Высшая школа
c Дата издания 2002
300 a Объем 470 с.
b Иллюстрации/ тип воспроизводства ил.
440 _0 a Серия Биомед. техника
440 _0 a Серия УМК-У
504 a Библиография Библиогр.: с. 463-466
516 8_ a Прим. о типе комп. файла/ данных Текст : непосредственный
583 a Действие Приписка : УМК
583 a Действие Перевод
650 04 a Основная рубрика Медицинская техника
x Основная подрубрика Учебники и пособия
653 0_ a Ключевые слова Диагностическая информация
a Ключевые слова Компьютер в медицине
a Ключевые слова Компьютерные технологии
a Ключевые слова Медицинская техника
a Ключевые слова Фотометрическая медицинская техника
a Ключевые слова Электрофизиологическая медицинская техника
655 a Жанр/ форма (устаревшее) У
700 12 a Другие авторы Кореневский Н.А.
773 18 w Контрольный № источника RU/IS/BASE/547049134
w Контрольный № источника 118193
w Контрольный № источника 115289
w Контрольный № источника 116603
w Контрольный № источника 119329
w Контрольный № источника 116587
w Контрольный № источника RU/IS/BASE/470501698
w Контрольный № источника 119328
901 t Тип документа m
905 b Дата создания записи обработка 30.06.25
a Дата создания записи 31.07.02
a Дата создания записи 22.08.17
a Дата создания записи 05.06.18
a Дата создания записи 18.12.18
a Дата создания записи 23.01.19
c Дата приписки 24.04.23
952 g 1
b Гриф литературы для ВШ Гриф УМО
a Тип литературы для КСУ ВШ У2
990 h N записи в КСУ для Б/У (DOS) 140/2002
h N записи в КСУ для Б/У (DOS) 71/2002
h N записи в КСУ для Б/У (DOS) 1000/2014
j Количество экземпляров (DOS) 26
c Приоритет заказа (DOS) о
b Заказано (DOS) 15
f Даты поступлений (DOS) 02.12.02
f Даты поступлений (DOS) 10.07.02
g Размещение заказа (DOS) Кн. мир
n Номер УК (DOS) Уч. карт. № 5741 - 25